Output oriented DEA model of company financial performance efficiency
DEA metóda - charakteristika. CCR a BCC model. Na output orientovaný DEA model finančnej výkonnosti s fiktívnymi vstupmi.
Saved in:
| Main Author: | |
|---|---|
| Other Authors: | |
| Format: | Book Chapter |
| Language: | English |
| Subjects: | |
| Tags: |
No Tags, Be the first to tag this record!
|
MARC
| LEADER | 00000naa a2200000 4500 | ||
|---|---|---|---|
| 001 | 0214521 | ||
| 005 | 20230803102040.0 | ||
| 041 | 0 | |a eng | |
| 044 | |a CZ | ||
| 245 | 1 | 0 | |a Output oriented DEA model of company financial performance efficiency |c Zdeněk Zmeškal, Dana Dluhošová |
| 520 | |a DEA metóda - charakteristika. CCR a BCC model. Na output orientovaný DEA model finančnej výkonnosti s fiktívnymi vstupmi. | ||
| 610 | 2 | 0 | |a výkonnosť podniku |
| 610 | 2 | 0 | |a efektívnosť ekonomická |
| 610 | 2 | 0 | |a analýza obaľovania dát |
| 100 | 1 | |a Zmeškal, Zdeněk | |
| 700 | 1 | |a Dluhošová, Dana | |